Kenangan di Bumi Kenyalang

Bibliographic Details
Main Author: Junaidah Jamil
Format: Book
Series:Novel dunia remaja
Subjects:

MARC

LEADER 00000cam a2200000 7i4500
001 0000008832
002 000009630
005 20000330.0
020 |a 9837505230 
090 0 0 |a JF   |b JUN 
100 0 |a Junaidah Jamil 
245 1 0 |a Kenangan di Bumi Kenyalang   |c Junaidah Jamil 
300 |a 99p. :   |b ill ;   |c 17cm. 
490 0 |a Novel dunia remaja 
650 0 0 |a Children's stories 
999 |a 050048   |b BUKU   |c PINJAMAN   |e PERPUSTAKAAN KOMUNITI PETALING JAYA